[Event "DEN-chT 0607"]
[Site "Denmark"]
[Date "2006.11.05"]
[Round "2.2"]
[White "Sorensen, Jan"]
[Black "Nielsen, Tommy"]
[Result "1-0"]
[WhiteElo "2416"]
[BlackElo "2187"]
[PlyCount "84"]
[EventDate "2006.11.04"]
[EventType "team"]
[EventRounds "9"]
[EventCountry "DEN"]
[Source "ChessBase"]
[SourceDate "2007.02.01"]
[WhiteTeam "Skolerne"]
[BlackTeam "Norresundby"]
[WhiteTeamCountry "DEN"]
[BlackTeamCountry "DEN"]

1. e4 c6 2. d4 d5 3. e5 Bf5 4. Nd2 e6 5. Nb3 Nd7 6. Nf3 Ne7 7. Be2 Bg4 8. O-O
c5 9. Nxc5 Nxc5 10. dxc5 Nc6 11. Be3 Bxf3 12. Bxf3 Nxe5 13. Bd4 Nxf3+ 14. Qxf3
Rc8 15. b4 f6 16. Rfe1 Qd7 17. Rad1 Be7 18. c4 O-O 19. Qg4 Rfd8 20. Bb2 b6 21.
Rxe6 Rc6 22. Re4 Qxg4 23. Rxg4 bxc5 24. b5 Rcd6 25. Re1 Kf7 26. cxd5 Rxd5 27.
Bc3 Rd3 28. Rc4 R8d5 29. Kf1 f5 30. Bxg7 Ra3 31. Rc2 Bd8 32. Bh6 Ba5 33. Rec1
Bb4 34. Be3 Ra5 35. Bxc5 Rxb5 36. Bxb4 Rxb4 37. Rc7+ Kg6 38. R1c6+ Kg5 39. g3
Rd2 40. Rg7+ Kh5 41. Rxh7+ Kg4 42. Kg2 Rbb2 1-0

[Event "DEN-chT 0607"]
[Site "Denmark"]
[Date "2006.11.05"]
[Round "2.3"]
[White "Willumsen, Niels Henrik"]
[Black "Vinther Schou, Uffe"]
[Result "0-1"]
[WhiteElo "2138"]
[BlackElo "2380"]
[PlyCount "90"]
[EventDate "2006.11.04"]
[EventType "team"]
[EventRounds "9"]
[EventCountry "DEN"]
[Source "ChessBase"]
[SourceDate "2007.02.01"]
[WhiteTeam "Norresundby"]
[BlackTeam "Skolerne"]
[WhiteTeamCountry "DEN"]
[BlackTeamCountry "DEN"]

1. e4 c5 2. Nf3 Nc6 3. d4 cxd4 4. Nxd4 Nf6 5. Nc3 d6 6. Bc4 Qb6 7. Nb3 e6 8.
O-O Be7 9. Be3 Qc7 10. f4 O-O 11. a4 Nb4 12. Bd3 Rd8 13. Qe1 Ng4 14. Nb5 Nxd3
15. Nxc7 Nxe1 16. Rfxe1 Nxe3 17. Rxe3 Rb8 18. Nb5 a6 19. Nc3 b6 20. Rd3 Bb7 21.
f5 Bf6 22. Nd4 exf5 23. exf5 Rbc8 24. Rad1 Rc5 25. Nb3 Rxf5 26. Rxd6 Rxd6 27.
Rxd6 Bg5 28. Nd1 Rd5 29. Rxd5 Bxd5 30. Nd4 Bf6 31. c3 Be5 32. Ne3 Bxd4 33. cxd4
Bb3 34. a5 bxa5 35. Kf2 Kf8 36. Kf3 Ke7 37. Ke4 g6 38. g4 f6 39. h4 Kd6 40. Kd3
Be6 41. Ke4 Bxg4 42. Nc4+ Kc7 43. Nxa5 Bf5+ 44. Ke3 Be6 45. Kd3 g5 0-1

[Event "DEN-chT 0607"]
[Site "Denmark"]
[Date "2006.11.05"]
[Round "2.4"]
[White "Pedersen, Finn"]
[Black "Jorgensen, Jorgen"]
[Result "0-1"]
[WhiteElo "2300"]
[BlackElo "2255"]
[PlyCount "80"]
[EventDate "2006.11.04"]
[EventType "team"]
[EventRounds "9"]
[EventCountry "DEN"]
[Source "ChessBase"]
[SourceDate "2007.02.01"]
[WhiteTeam "Skolerne"]
[BlackTeam "Norresundby"]
[WhiteTeamCountry "DEN"]
[BlackTeamCountry "DEN"]

1. d4 d5 2. Nf3 Nc6 3. Bf4 Bg4 4. Nbd2 e6 5. e3 Bd6 6. Bxd6 cxd6 7. c4 dxc4 8.
Bxc4 d5 9. Be2 Nge7 10. O-O O-O 11. h3 Bxf3 12. Bxf3 Nf5 13. a3 a5 14. Be2 Nd6
15. Qb1 Qe7 16. Rc1 Rfc8 17. b3 Rc7 18. Qb2 Rac8 19. Bd3 Na7 20. Kf1 g6 21. b4
axb4 22. axb4 Nab5 23. Rxc7 Qxc7 24. Nb3 Nc4 25. Qc1 Qh2 26. f3 b6 27. Kf2 Qd6
28. Qe1 Qe7 29. Kg1 Qg5 30. Rc1 Nbd6 31. e4 Ra8 32. h4 Qf4 33. e5 Nf5 34. Bxc4
dxc4 35. Rxc4 Ra2 36. Qb1 Qe3+ 37. Kh2 Qf2 38. Qh1 Qxh4+ 39. Kg1 Qf2+ 40. Kh2
Ng3 0-1

[Event "DEN-chT 0607"]
[Site "Denmark"]
[Date "2006.11.05"]
[Round "2.5"]
[White "Pedersen, Svend"]
[Black "Jacobsen, Bo"]
[Result "1/2-1/2"]
[WhiteElo "2237"]
[BlackElo "2307"]
[PlyCount "68"]
[EventDate "2006.11.04"]
[EventType "team"]
[EventRounds "9"]
[EventCountry "DEN"]
[Source "ChessBase"]
[SourceDate "2007.02.01"]
[WhiteTeam "Norresundby"]
[BlackTeam "Skolerne"]
[WhiteTeamCountry "DEN"]
[BlackTeamCountry "DEN"]

1. e4 g6 2. Nc3 Bg7 3. g3 c5 4. Bg2 Nc6 5. d3 e6 6. Be3 Nd4 7. Nce2 Qa5+ 8. c3
Nc6 9. f4 d5 10. exd5 exd5 11. Bxd5 Nf6 12. Qb3 O-O 13. Nf3 Nxd5 14. Qxd5 Bg4
15. Kf2 Rfe8 16. Rhe1 Bf8 17. Ng5 Qc7 18. Ne4 Red8 19. Qg5 Bf5 20. Rad1 Be7 21.
Qh6 c4 22. Nd4 Qc8 23. Nxc6 Qxc6 24. Bd4 Rxd4 25. cxd4 cxd3 26. Nc3 Bf6 27. Re5
Qc4 28. Rxf5 Qxd4+ 29. Kg2 Bg7 30. Rd5 Qxd5+ 31. Nxd5 Bxh6 32. Rxd3 Bf8 33. Kf3
Rc8 34. Rc3 Rd8 1/2-1/2

[Event "DEN-chT 0607"]
[Site "Denmark"]
[Date "2006.11.05"]
[Round "2.6"]
[White "Hagen, Andreas Skytte"]
[Black "Nielsen, John Bauneborg"]
[Result "1-0"]
[WhiteElo "2259"]
[BlackElo "2187"]
[PlyCount "87"]
[EventDate "2006.11.04"]
[EventType "team"]
[EventRounds "9"]
[EventCountry "DEN"]
[Source "ChessBase"]
[SourceDate "2007.02.01"]
[WhiteTeam "Skolerne"]
[BlackTeam "Norresundby"]
[WhiteTeamCountry "DEN"]
[BlackTeamCountry "DEN"]

1. Nf3 d5 2. d4 e6 3. c4 c6 4. Qc2 Nf6 5. Bg5 Be7 6. e3 Nbd7 7. Nc3 O-O 8. Rd1
Re8 9. Bd3 dxc4 10. Bxc4 b5 11. Bd3 Bb7 12. O-O h6 13. Bxf6 Nxf6 14. Ne4 Nxe4
15. Bxe4 Bd6 16. Ne5 Qc7 17. f4 b4 18. Rf2 Rec8 19. Nd3 Ba6 20. Nc5 Bb5 21. Rc1
a5 22. Qd1 Rd8 23. Qh5 Bxc5 24. Rxc5 f5 25. Bf3 a4 26. Rfc2 b3 27. axb3 axb3
28. Rc1 Qe7 29. Bxc6 Bxc6 30. Rxc6 Ra2 31. Qg6 Rxb2 32. Rc7 Qf6 33. Qg3 Kh7 34.
Rb7 Ra8 35. h3 Raa2 36. Rcc7 Rxg2+ 37. Qxg2 Rxg2+ 38. Kxg2 Qg6+ 39. Kh2 Qf6 40.
Rxb3 Qh4 41. Rb2 Kg6 42. Rg2+ Kh5 43. Rcxg7 Qe1 44. Rh7 1-0

[Event "DEN-chT 0607"]
[Site "Denmark"]
[Date "2006.11.05"]
[Round "2.7"]
[White "Sorensen, Bent"]
[Black "Rewitz, Poul"]
[Result "1/2-1/2"]
[WhiteElo "2220"]
[BlackElo "2227"]
[PlyCount "21"]
[EventDate "2006.11.04"]
[EventType "team"]
[EventRounds "9"]
[EventCountry "DEN"]
[Source "ChessBase"]
[SourceDate "2007.02.01"]
[WhiteTeam "Norresundby"]
[BlackTeam "Skolerne"]
[WhiteTeamCountry "DEN"]
[BlackTeamCountry "DEN"]

1. Nf3 g6 2. g3 Bg7 3. c4 c6 4. Bg2 d5 5. cxd5 cxd5 6. d4 Nc6 7. O-O Nh6 8. Nc3
O-O 9. h3 Nf5 10. e3 e6 11. b3 1/2-1/2

[Event "DEN-chT 0607"]
[Site "Denmark"]
[Date "2006.11.05"]
[Round "2.8"]
[White "Grand, Hans Henrik"]
[Black "Christiansen, Jens Jorgen"]
[Result "1/2-1/2"]
[WhiteElo "2031"]
[BlackElo "2097"]
[PlyCount "21"]
[EventDate "2006.11.04"]
[EventType "team"]
[EventRounds "9"]
[EventCountry "DEN"]
[Source "ChessBase"]
[SourceDate "2007.02.01"]
[WhiteTeam "Skolerne"]
[BlackTeam "Norresundby"]
[WhiteTeamCountry "DEN"]
[BlackTeamCountry "DEN"]

1. e4 d5 2. exd5 Qxd5 3. Nc3 Qd6 4. Bc4 Nf6 5. Nge2 a6 6. d4 b5 7. Bb3 Bb7 8.
O-O e6 9. Bf4 Qd7 10. Ng3 c5 11. dxc5 1/2-1/2

[Event "DEN-chT 0607"]
[Site "Denmark"]
[Date "2006.11.05"]
[Round "2.1"]
[White "Glud, Jakob Vang"]
[Black "Ost Hansen, Jacob"]
[Result "1-0"]
[WhiteElo "2429"]
[BlackElo "2439"]
[PlyCount "53"]
[EventDate "2006.11.04"]
[EventType "team"]
[EventRounds "9"]
[EventCountry "DEN"]
[Source "ChessBase"]
[SourceDate "2007.02.01"]
[WhiteTeam "Jetsmark"]
[BlackTeam "K41"]
[WhiteTeamCountry "DEN"]
[BlackTeamCountry "DEN"]

1. c4 e5 2. g3 d6 3. Bg2 g6 4. Nc3 Bg7 5. e4 Nc6 6. Nge2 Nh6 7. O-O O-O 8. d3
f5 9. Nd5 Rf7 10. b4 f4 11. gxf4 Qh4 12. f3 exf4 13. Bxf4 Rxf4 14. Nexf4 Bxa1
15. Qxa1 Nxb4 16. Nxg6 hxg6 17. Nxb4 c6 18. d4 Bd7 19. Qe1 Qf6 20. Qe3 Kh7 21.
Nd3 b6 22. e5 Qf7 23. d5 Nf5 24. Qe4 cxd5 25. cxd5 Bb5 26. e6 Bxd3 27. exf7 1-0

[Event "DEN-chT 0607"]
[Site "Denmark"]
[Date "2006.11.05"]
[Round "2.2"]
[White "Lund, Silas"]
[Black "Rasmussen, Allan Stig"]
[Result "1-0"]
[WhiteElo "2329"]
[BlackElo "2398"]
[PlyCount "83"]
[EventDate "2006.11.04"]
[EventType "team"]
[EventRounds "9"]
[EventCountry "DEN"]
[Source "ChessBase"]
[SourceDate "2007.02.01"]
[WhiteTeam "K41"]
[BlackTeam "Jetsmark"]
[WhiteTeamCountry "DEN"]
[BlackTeamCountry "DEN"]

1. d4 d5 2. c4 dxc4 3. Nf3 Nf6 4. e3 e6 5. Bxc4 a6 6. a4 c5 7. O-O Nc6 8. Qe2
cxd4 9. Rd1 Be7 10. exd4 O-O 11. Nc3 Nb4 12. Ne5 b6 13. Bg5 Bb7 14. Rac1 Nfd5
15. Bd2 Bg5 16. Ne4 Bxd2 17. Qxd2 Qe7 18. a5 bxa5 19. Nc5 Rfd8 20. Ra1 Qc7 21.
Ra3 Rd6 22. Rg3 f6 23. Qh6 Re8 24. Ne4 Re7 25. Nxf6+ Nxf6 26. Qxf6 Nc6 27. Bd3
Nxd4 28. Re1 Nf5 29. Bxf5 exf5 30. Qxf5 g6 31. Qg5 Rb6 32. Rge3 Rxb2 33. Nxg6
Rxe3 34. Ne7+ Kf7 35. Qxe3 Rb5 36. Qe6+ Kg7 37. Nf5+ Rxf5 38. Qxf5 a4 39. Qg5+
Kf7 40. Qh5+ Kg7 41. Qg4+ Kf7 42. Qxa4 1-0

[Event "DEN-chT 0607"]
[Site "Denmark"]
[Date "2006.11.05"]
[Round "2.3"]
[White "Christensen, Stefan"]
[Black "Schmidt, Kristen"]
[Result "1-0"]
[WhiteElo "2272"]
[BlackElo "2322"]
[PlyCount "63"]
[EventDate "2006.11.04"]
[EventType "team"]
[EventRounds "9"]
[EventCountry "DEN"]
[Source "ChessBase"]
[SourceDate "2007.02.01"]
[WhiteTeam "Jetsmark"]
[BlackTeam "K41"]
[WhiteTeamCountry "DEN"]
[BlackTeamCountry "DEN"]

1. e4 c5 2. c3 d5 3. exd5 Qxd5 4. d4 Nf6 5. Nf3 Bg4 6. dxc5 Qxd1+ 7. Kxd1 e5 8.
b4 e4 9. h3 Bh5 10. g4 Nxg4 11. hxg4 Bxg4 12. Nbd2 exf3 13. Bd3 Nc6 14. Re1+
Be7 15. Kc2 Kf8 16. Nc4 Rd8 17. Bf4 Be6 18. Nd6 g5 19. Bh2 b6 20. Nb7 Rc8 21.
b5 Nd8 22. c6 Bd5 23. Nd6 Bxd6 24. Bxd6+ Kg7 25. Re5 Be6 26. Rxg5+ Kf6 27. Rg3
h5 28. Rxf3+ Kg5 29. Rg1+ Bg4 30. Rf5+ Kh4 31. Bg3+ Kh3 32. Bf1# 1-0

[Event "DEN-chT 0607"]
[Site "Denmark"]
[Date "2006.11.05"]
[Round "2.4"]
[White "Greger, Roland Reinhard"]
[Black "Jensen, Bjarke"]
[Result "1/2-1/2"]
[WhiteElo "2332"]
[BlackElo "2257"]
[PlyCount "113"]
[EventDate "2006.11.04"]
[EventType "team"]
[EventRounds "9"]
[EventCountry "DEN"]
[Source "ChessBase"]
[SourceDate "2007.02.01"]
[WhiteTeam "K41"]
[BlackTeam "Jetsmark"]
[WhiteTeamCountry "DEN"]
[BlackTeamCountry "DEN"]

1. e4 e5 2. Nf3 Nc6 3. d4 exd4 4. Nxd4 Nxd4 5. Qxd4 Ne7 6. Be3 Nc6 7. Qd2 Bb4
8. c3 Ba5 9. Na3 Qe7 10. Bd3 d6 11. Nc4 Be6 12. Nxa5 Nxa5 13. Qe2 O-O 14. O-O
f5 15. exf5 Bxf5 16. Rae1 Qf7 17. Bxf5 Qxf5 18. b4 Nc6 19. Qc4+ Qf7 20. Qxf7+
Kxf7 21. f4 Rfe8 22. g3 Re4 23. b5 Na5 24. Bd4 Rae8 25. Rxe4 Rxe4 26. Kf2 b6
27. Kf3 Re7 28. g4 Nc4 29. Rf2 Re1 30. h4 Rb1 31. a4 d5 32. h5 Ra1 33. f5 Nd6
34. Kf4 h6 35. Ke5 Rxa4 36. Kxd5 Nxb5 37. f6 Nxd4 38. fxg7+ Kxg7 39. cxd4 c5
40. dxc5 bxc5 41. Kxc5 Rxg4 42. Ra2 Rg5+ 43. Kb4 Rxh5 44. Rxa7+ Kg6 45. Kc4 Re5
46. Ra8 Kg5 47. Rg8+ Kh4 48. Kd3 h5 49. Kd2 Kh3 50. Rg7 h4 51. Rg8 Kh2 52. Rg7
h3 53. Rg8 Ra5 54. Ke2 Ra2+ 55. Kf1 Rg2 56. Rf8 Rg4 57. Kf2 1/2-1/2

[Event "DEN-chT 0607"]
[Site "Denmark"]
[Date "2006.11.05"]
[Round "2.5"]
[White "Rathlev, Jakob"]
[Black "Larsen, Karsten"]
[Result "1/2-1/2"]
[WhiteElo "2164"]
[BlackElo "2294"]
[PlyCount "31"]
[EventDate "2006.11.04"]
[EventType "team"]
[EventRounds "9"]
[EventCountry "DEN"]
[Source "ChessBase"]
[SourceDate "2007.02.01"]
[WhiteTeam "Jetsmark"]
[BlackTeam "K41"]
[WhiteTeamCountry "DEN"]
[BlackTeamCountry "DEN"]

1. c4 Nf6 2. Nc3 g6 3. g3 Bg7 4. Bg2 d6 5. d3 O-O 6. e4 c5 7. Nge2 Nc6 8. O-O
a6 9. Rb1 Rb8 10. a3 b5 11. cxb5 axb5 12. b4 cxb4 13. axb4 Bd7 14. d4 e5 15.
dxe5 dxe5 16. Be3 1/2-1/2

[Event "DEN-chT 0607"]
[Site "Denmark"]
[Date "2006.11.05"]
[Round "2.6"]
[White "Olesen, Martin"]
[Black "Rasmussen, Henning Lau"]
[Result "1-0"]
[WhiteElo "2272"]
[BlackElo "2119"]
[PlyCount "44"]
[EventDate "2006.11.04"]
[EventType "team"]
[EventRounds "9"]
[EventCountry "DEN"]
[Source "ChessBase"]
[SourceDate "2007.02.01"]
[WhiteTeam "K41"]
[BlackTeam "Jetsmark"]
[WhiteTeamCountry "DEN"]
[BlackTeamCountry "DEN"]

1. e4 c6 2. d4 d5 3. exd5 cxd5 4. Bd3 Nc6 5. c3 Nf6 6. Bf4 g6 7. Nf3 Bg7 8. O-O
O-O 9. Re1 b6 10. Nbd2 Bb7 11. Ne5 Nxe5 12. Bxe5 Nd7 13. Bxg7 Kxg7 14. Qg4 Nf6
15. Qg5 e6 16. Re3 Ng8 17. Qg4 Qd6 18. Rae1 Rae8 19. Rh3 Qe7 20. Nf3 Bc8 21.
Ne5 Bd7 22. Rxh7+ Kxh7 1-0

[Event "DEN-chT 0607"]
[Site "Denmark"]
[Date "2006.11.05"]
[Round "2.7"]
[White "Helledie, Anders"]
[Black "Semcesen, Daniel"]
[Result "0-1"]
[WhiteElo "2118"]
[BlackElo "2286"]
[PlyCount "100"]
[EventDate "2006.11.04"]
[EventType "team"]
[EventRounds "9"]
[EventCountry "DEN"]
[Source "ChessBase"]
[SourceDate "2007.02.01"]
[WhiteTeam "Jetsmark"]
[BlackTeam "K41"]
[WhiteTeamCountry "DEN"]
[BlackTeamCountry "DEN"]

1. e4 e5 2. Bc4 Nf6 3. Nc3 c6 4. Nf3 d6 5. d4 exd4 6. Nxd4 Be7 7. O-O O-O 8.
Re1 b5 9. Bb3 a6 10. a3 Re8 11. h3 Bf8 12. Bg5 h6 13. Bh4 Bb7 14. Qd2 c5 15.
Nf3 c4 16. Bxf6 Qxf6 17. Ba2 Nd7 18. Nd4 Nc5 19. f3 g6 20. Rad1 Bg7 21. Bb1
Rad8 22. Nde2 h5 23. Nf4 Ne6 24. Nfd5 Qd4+ 25. Qxd4 Nxd4 26. Rd2 Ne6 27. Nd1
Bxd5 28. Rxd5 Nf4 29. Rd2 d5 30. c3 d4 31. g3 Nxh3+ 32. Kg2 Ng5 33. f4 dxc3 34.
Rxd8 Rxd8 35. Nxc3 Bxc3 36. bxc3 Rd2+ 37. Kf1 Nf3 38. Re2 Rd1+ 39. Kf2 Rxb1 40.
Kxf3 Rb3 41. Re3 Rxa3 42. e5 a5 43. Ke4 b4 44. Kd4 Rxc3 45. Rxc3 bxc3 46. Kxc3
Kf8 47. Kxc4 Ke7 48. Kb5 Ke6 49. Kxa5 Kf5 50. Kb5 Kg4 0-1

[Event "DEN-chT 0607"]
[Site "Denmark"]
[Date "2006.11.05"]
[Round "2.8"]
[White "Naes, Flovin Tor"]
[Black "Hoffmann, Tobias Breinholt"]
[Result "1-0"]
[WhiteElo "2227"]
[BlackElo "1947"]
[PlyCount "63"]
[EventDate "2006.11.04"]
[EventType "team"]
[EventRounds "9"]
[EventCountry "DEN"]
[Source "ChessBase"]
[SourceDate "2007.02.01"]
[WhiteTeam "K41"]
[BlackTeam "Jetsmark"]
[WhiteTeamCountry "DEN"]
[BlackTeamCountry "DEN"]

1. Nf3 Nf6 2. c4 e6 3. g3 b6 4. Bg2 Bb7 5. O-O Be7 6. b3 O-O 7. Bb2 d6 8. d4
Nbd7 9. Nc3 Ne4 10. d5 Nxc3 11. Bxc3 e5 12. e4 a5 13. Nd2 Bf6 14. a3 Qe7 15.
Qc2 g6 16. Qb2 Nc5 17. Ra2 Bg7 18. f4 Rae8 19. f5 c6 20. Qc2 cxd5 21. exd5 gxf5
22. b4 Ne4 23. Nxe4 fxe4 24. Bxe4 h6 25. bxa5 bxa5 26. Bxa5 Bxd5 27. cxd5 Qa7+
28. Qf2 Qxa5 29. Qf5 Qa7+ 30. Kh1 f6 31. Qh7+ Kf7 32. Bg6+ 1-0

[Event "DEN-chT 0607"]
[Site "Denmark"]
[Date "2006.11.26"]
[Round "3.1"]
[White "Rasmussen, Casper Dahl"]
[Black "Hillarp Persson, Tiger"]
[Result "0-1"]
[WhiteElo "2357"]
[BlackElo "2550"]
[PlyCount "48"]
[EventDate "2006.11.04"]
[EventType "team"]
[EventRounds "9"]
[EventCountry "DEN"]
[Source "ChessBase"]
[SourceDate "2007.02.01"]
[WhiteTeam "Skolerne"]
[BlackTeam "Bronshoj"]
[WhiteTeamCountry "DEN"]
[BlackTeamCountry "DEN"]

1. Nf3 d5 2. d4 Nf6 3. c4 c6 4. Nc3 e6 5. e3 Nbd7 6. Qc2 Bd6 7. b3 O-O 8. Bd3
e5 9. cxd5 cxd5 10. dxe5 Nxe5 11. Be2 Bg4 12. Nxe5 Bxe5 13. Bxg4 Nxg4 14. h3
Nxf2 15. O-O Nxh3+ 16. gxh3 Rc8 17. Bb2 Qg5+ 18. Kf2 d4 19. exd4 Qg3+ 20. Ke2
Bxd4 21. Rac1 Bxc3 22. Bxc3 Qg2+ 23. Ke3 Rfe8+ 24. Kd4 Qc6 0-1

[Event "DEN-chT 0607"]
[Site "Denmark"]
[Date "2006.11.26"]
[Round "3.2"]
[White "Pilgaard, Kim"]
[Black "Rasmussen, Karsten"]
[Result "0-1"]
[WhiteElo "2420"]
[BlackElo "2463"]
[PlyCount "80"]
[EventDate "2006.11.04"]
[EventType "team"]
[EventRounds "9"]
[EventCountry "DEN"]
[Source "ChessBase"]
[SourceDate "2007.02.01"]
[WhiteTeam "Bronshoj"]
[BlackTeam "Skolerne"]
[WhiteTeamCountry "DEN"]
[BlackTeamCountry "DEN"]

1. e4 c6 2. d4 d5 3. e5 Bf5 4. h4 h5 5. c4 e6 6. Nc3 Ne7 7. Bg5 dxc4 8. Bxc4
Nd7 9. Nge2 f6 10. exf6 gxf6 11. Bd2 Nb6 12. Bb3 Qd7 13. a4 Nbd5 14. Ng3 O-O-O
15. O-O Bg4 16. Qc2 Nf5 17. Bxd5 exd5 18. Bf4 Bh6 19. Qd2 Bxf4 20. Qxf4 Qd6 21.
Qxd6 Nxd6 22. Rfe1 a5 23. Re7 Rd7 24. Rae1 Kd8 25. Rxd7+ Kxd7 26. f3 Bf5 27.
Kf2 Bc2 28. Nce2 Nc4 29. Nf4 Nxb2 30. Re2 Nd3+ 31. Nxd3 Bxd3 32. Rb2 b5 33.
axb5 cxb5 34. Ke3 Bc4 35. Nf5 a4 36. Kd2 a3 37. Rb1 a2 38. Ra1 b4 39. Kc2 Re8
40. g4 Re2+ 0-1

[Event "DEN-chT 0607"]
[Site "Denmark"]
[Date "2006.11.26"]
[Round "3.3"]
[White "Sorensen, Jan"]
[Black "Bromann, Thorbjorn"]
[Result "1-0"]
[WhiteElo "2416"]
[BlackElo "2387"]
[PlyCount "73"]
[EventDate "2006.11.04"]
[EventType "team"]
[EventRounds "9"]
[EventCountry "DEN"]
[Source "ChessBase"]
[SourceDate "2007.02.01"]
[WhiteTeam "Skolerne"]
[BlackTeam "Bronshoj"]
[WhiteTeamCountry "DEN"]
[BlackTeamCountry "DEN"]

1. e4 e6 2. d4 d5 3. Nd2 dxe4 4. Nxe4 Bd7 5. Nf3 Bc6 6. Bd3 Nd7 7. O-O Ngf6 8.
Ng3 Be7 9. Re1 O-O 10. c3 Re8 11. Bf4 b6 12. Qe2 Bb7 13. Rad1 Bf8 14. Ne5 g6
15. Bg5 Bg7 16. Bb5 Nb8 17. Bxe8 Qxe8 18. Bxf6 Bxf6 19. Ne4 Bg7 20. Qf3 Kf8 21.
Nxf7 Qxf7 22. Qxf7+ Kxf7 23. Ng5+ Kf6 24. Nxe6 Na6 25. Nxg7 Kxg7 26. Re7+ Kf6
27. Rde1 h5 28. b4 Rc8 29. b5 Nb8 30. c4 a6 31. a4 h4 32. d5 axb5 33. axb5 h3
34. g4 Rf8 35. f3 Kg5 36. Kf2 Rd8 37. Kg3 1-0

[Event "DEN-chT 0607"]
[Site "Denmark"]
[Date "2006.11.26"]
[Round "3.4"]
[White "Brinck Claussen, Bjorn"]
[Black "Jelling, Erik"]
[Result "1/2-1/2"]
[WhiteElo "2320"]
[BlackElo "2400"]
[PlyCount "51"]
[EventDate "2006.11.04"]
[EventType "team"]
[EventRounds "9"]
[EventCountry "DEN"]
[Source "ChessBase"]
[SourceDate "2007.02.01"]
[WhiteTeam "Bronshoj"]
[BlackTeam "Skolerne"]
[WhiteTeamCountry "DEN"]
[BlackTeamCountry "DEN"]

1. e4 c6 2. d4 d5 3. Nc3 dxe4 4. Nxe4 Bf5 5. Ng3 Bg6 6. h4 h6 7. Nf3 Nd7 8. h5
Bh7 9. Bd3 Bxd3 10. Qxd3 e6 11. Bd2 Ngf6 12. O-O-O Be7 13. Qe2 O-O 14. Ne5 c5
15. Nxd7 Qxd7 16. dxc5 Qa4 17. Kb1 Bxc5 18. Bc3 Nd5 19. Rxd5 exd5 20. Qe5 d4
21. Nf5 f6 22. Qxc5 dxc3 23. Ne7+ Kh7 24. Qf5+ Kh8 25. Ng6+ Kg8 26. Ne7+
1/2-1/2

[Event "DEN-chT 0607"]
[Site "Denmark"]
[Date "2006.11.26"]
[Round "3.5"]
[White "Vinther Schou, Uffe"]
[Black "Carstensen, Jacob"]
[Result "1-0"]
[WhiteElo "2380"]
[BlackElo "2277"]
[PlyCount "33"]
[EventDate "2006.11.04"]
[EventType "team"]
[EventRounds "9"]
[EventCountry "DEN"]
[Source "ChessBase"]
[SourceDate "2007.02.01"]
[WhiteTeam "Skolerne"]
[BlackTeam "Bronshoj"]
[WhiteTeamCountry "DEN"]
[BlackTeamCountry "DEN"]

1. c4 e5 2. Nc3 Nf6 3. Nf3 Nc6 4. e3 Be7 5. Be2 O-O 6. d4 exd4 7. Nxd4 Bb4 8.
O-O Bxc3 9. bxc3 Na5 10. Nb3 Nc6 11. c5 b6 12. Ba3 Re8 13. Qc2 Rb8 14. Rfd1 Qe7
15. Nd4 Ne4 16. Bd3 bxc5 17. Nxc6 1-0

[Event "DEN-chT 0607"]
[Site "Denmark"]
[Date "2006.11.26"]
[Round "3.6"]
[White "Palm, Nikolaj"]
[Black "Pedersen, Finn"]
[Result "1-0"]
[WhiteElo "2268"]
[BlackElo "2300"]
[PlyCount "83"]
[EventDate "2006.11.04"]
[EventType "team"]
[EventRounds "9"]
[EventCountry "DEN"]
[Source "ChessBase"]
[SourceDate "2007.02.01"]
[WhiteTeam "Bronshoj"]
[BlackTeam "Skolerne"]
[WhiteTeamCountry "DEN"]
[BlackTeamCountry "DEN"]

1. d4 d5 2. Nf3 c6 3. c4 e6 4. Bg5 Nf6 5. Nc3 Be7 6. e3 Nbd7 7. Bd3 dxc4 8.
Bxc4 b5 9. Bd3 Bb7 10. a3 O-O 11. O-O a6 12. b4 a5 13. Qb3 axb4 14. axb4 Qc7
15. Ne4 h6 16. Bf4 Qb6 17. Nc5 Nxc5 18. dxc5 Qd8 19. e4 Nh5 20. Be3 Rxa1 21.
Rxa1 Bg5 22. Be2 Nf4 23. Bf1 Ng6 24. Rd1 Qe7 25. Rd6 Bf6 26. Qd1 Qe8 27. g3 Be7
28. Rd2 e5 29. Qa1 Bc8 30. Be2 f6 31. h4 Be6 32. h5 Nh8 33. Qa7 Nf7 34. Nh4 Ng5
35. Bxg5 hxg5 36. Ng6 Rf7 37. Qb6 Kh7 38. Nxe7 Rxe7 39. Rd8 Qf7 40. Qb8 g6 41.
Rh8+ Kg7 42. h6# 1-0

[Event "DEN-chT 0607"]
[Site "Denmark"]
[Date "2006.11.26"]
[Round "3.7"]
[White "Jacobsen, Bo"]
[Black "Yssing, Klaus"]
[Result "1-0"]
[WhiteElo "2307"]
[BlackElo "2102"]
[PlyCount "85"]
[EventDate "2006.11.04"]
[EventType "team"]
[EventRounds "9"]
[EventCountry "DEN"]
[Source "ChessBase"]
[SourceDate "2007.02.01"]
[WhiteTeam "Skolerne"]
[BlackTeam "Bronshoj"]
[WhiteTeamCountry "DEN"]
[BlackTeamCountry "DEN"]

1. g3 d5 2. Nf3 c6 3. b3 Bf5 4. Bb2 e6 5. Bg2 Nf6 6. O-O h6 7. d3 Be7 8. Nbd2
O-O 9. c4 Nbd7 10. Qc2 a5 11. a3 Bh7 12. Rac1 Qb6 13. Qb1 Rfd8 14. Qa1 Qa6 15.
Ne5 Rac8 16. Nxd7 Rxd7 17. cxd5 exd5 18. Bh3 Rcd8 19. Bxd7 Rxd7 20. b4 Qb5 21.
Bc3 Bf5 22. a4 Qb6 23. bxa5 Qa6 24. Nf3 c5 25. Ne5 Rd8 26. Rb1 d4 27. Rb6 Qa8
28. Bd2 Nd5 29. Rb5 Qa6 30. Re1 Bc8 31. e4 dxe3 32. Bxe3 Bf6 33. Rxc5 Bh3 34.
d4 Qe6 35. Qd1 Qf5 36. Qf3 Qe6 37. Bd2 Ne7 38. Qxb7 Rxd4 39. Ng6 Rxd2 40. Qb8+
Kh7 41. Nf8+ Kg8 42. Nxe6+ Kh7 43. Nf4 1-0

[Event "DEN-chT 0607"]
[Site "Denmark"]
[Date "2006.11.26"]
[Round "3.8"]
[White "Varberg, Kenneth"]
[Black "Hagen, Andreas Skytte"]
[Result "1/2-1/2"]
[WhiteElo "2079"]
[BlackElo "2259"]
[PlyCount "76"]
[EventDate "2006.11.04"]
[EventType "team"]
[EventRounds "9"]
[EventCountry "DEN"]
[Source "ChessBase"]
[SourceDate "2007.02.01"]
[WhiteTeam "Bronshoj"]
[BlackTeam "Skolerne"]
[WhiteTeamCountry "DEN"]
[BlackTeamCountry "DEN"]

1. c4 c5 2. Nc3 Nf6 3. g3 Nc6 4. Bg2 g6 5. e4 Bg7 6. Nge2 O-O 7. O-O d6 8. d3
a6 9. Rb1 Rb8 10. b3 b5 11. Bb2 Ne8 12. Qd2 Bg4 13. h3 Bxe2 14. Nxe2 Bxb2 15.
Rxb2 e5 16. f4 f6 17. h4 Rb7 18. Bh3 Nc7 19. Nc3 Nd4 20. Ne2 Qe7 21. Nxd4 cxd4
22. Qb4 Kg7 23. Rc2 Ra8 24. c5 a5 25. cxd6 axb4 26. dxe7 Ne8 27. fxe5 fxe5 28.
Rff2 Rxe7 29. Rc5 Ra5 30. Kf1 Nf6 31. Rc6 Nh5 32. Kg2 Rea7 33. Rcc2 R5a6 34.
Bg4 Nf6 35. Bc8 Ra5 36. Bh3 Nh5 37. Bg4 Nf6 38. Bh3 Nh5 1/2-1/2